000 00790nam0a22002891 4500
001 2566559
005 20251118181742.6
021 _aRU
_b79-9617
035 _a(NLR Aleph) 006450888
090 _a5737183
_c5737183
100 _a20110316d1979 u y0rusy50 ca
101 1 _arus
_apol
_clit
_gpol
102 _aRU
105 _aa z |||||
200 1 _aJęzyk polski
_eDla klasy IV
_fŁ. Jόzefowicz
_gIl. D. Antinyte
205 _aWyd. 3-e
210 _aKaunas
_cŠviesa
_d1979
215 _a133 с.
_cил.
_d22
686 _aШ141.53-921
_2rubbk
700 1 _aЮзефович
_bЛ.А.
_gЛуцья А.
702 1 _aAntinyte
_bD.
_4440
801 0 _aRU
_bNLR
_gpsbo
801 1 _aRU
_bELAR
_2rusmarc
852 _aNLR
_jDesideratum
899 _aRuMoRGB
_jM 79-16/33
942 _cBOOK
980 _aNB